You wouldn't want to be an Egyptian mummy! : (Record no. 2743)

MARC details
000 -LEADER
fixed length control field 00929cam a22002654a 4500
005 - DATE AND TIME OF LATEST TRANSACTION
control field 20250813085702.0
020 ## - INTERNATIONAL STANDARD BOOK NUMBER
International Standard Book Number 043928368X
040 ## - CATALOGING SOURCE
Original cataloging agency DLC
Transcribing agency DLC
Modifying agency DLC
Language of cataloging eng
050 00 - LIBRARY OF CONGRESS CALL NUMBER
Classification number DT62.M7
082 00 - DEWEY DECIMAL CLASSIFICATION NUMBER
Classification number 932
100 1# - MAIN ENTRY--PERSONAL NAME
Personal name Stewart, David
Dates associated with a name 1954-
245 10 - TITLE STATEMENT
Title You wouldn't want to be an Egyptian mummy! :
Remainder of title disgusting things you'd rather not know /
Statement of responsibility, etc. written by David Stewart ; illustrated by David Antram.
250 ## - EDITION STATEMENT
Edition statement First Scholastic printing, May 2001
260 ## - PUBLICATION, DISTRIBUTION, ETC.
Place of publication, distribution, etc. New York :
Name of publisher, distributor, etc. Scholastic,
Date of publication, distribution, etc. 2001
300 ## - PHYSICAL DESCRIPTION
Extent 32 pages :
Other physical details color illustrations ;
Dimensions 25 cm.
505 ## - FORMATTED CONTENTS NOTE
Formatted contents note Z <br/>
520 ## - SUMMARY, ETC.
Summary, etc. A light-hearted approach to the process of mummification in ancient Egypt.
521 ## - TARGET AUDIENCE NOTE
Target audience note 950 <br/>
Source Lexile <br/>
521 ## - TARGET AUDIENCE NOTE
Target audience note Z <br/>
Source Raz-Plus <br/>
650 #0 - SUBJECT ADDED ENTRY--TOPICAL TERM
Topical term or geographic name entry element Mummies
Geographic subdivision Egypt
Form subdivision Juvenile literature.
700 1# - ADDED ENTRY--PERSONAL NAME
Personal name Antram, David
Dates associated with a name 1958-
Relator term illustrator
906 ## - LOCAL DATA ELEMENT F, LDF (RLIN)
a 7
b cbc
c orignew
d 1
e ecip
f 20
g y-gencatlg
942 ## - ADDED ENTRY ELEMENTS (KOHA)
Source of classification or shelving scheme Dewey Decimal Classification
Koha item type Books
Suppress in OPAC No
999 ## -
-- 2743
-- 2743
Holdings
Withdrawn status Lost status Source of classification or shelving scheme Damaged status Not for loan Collection Home library Current library Shelving location Date acquired Total Checkouts Full call number Barcode Date last seen Copy number Price effective from Koha item type
    Dewey Decimal Classification     Non-Fiction Footprints International School Library Network Toul Tom Poung Campus Footprints International School Library Network Toul Tom Poung Campus TTP Secondary Non-Fiction Bookshelves 01/11/2024   STE 932 DT62.M7 FISTK05616 01/11/2024 1 01/11/2024 Books
    Dewey Decimal Classification     Non-Fiction Footprints International School Library Network Toul Tom Poung Campus Footprints International School Library Network Toul Tom Poung Campus TTP Secondary Non-Fiction Bookshelves 01/11/2024   STE 932 DT62.M7 FISSE04903 12/03/2024 2 01/11/2024 Books
    Dewey Decimal Classification     Non-Fiction Footprints International School Library Network Toul Tom Poung Campus Footprints International School Library Network Toul Tom Poung Campus TTP Secondary Non-Fiction Bookshelves 08/13/2025   STE 932 DT62.M7 FISSE00275 08/13/2025 3 08/13/2025 Books